[Event "40th ECC Open 2025"]
[Site "Rhodes GRE"]
[Date "2025.10.19"]
[Round "1.87"]
[White "Thuesen, Mogens"]
[Black "Domingo Nunez, Ruben"]
[Result "1/2-1/2"]
[BlackTitle "IM"]
[WhiteElo "2113"]
[BlackElo "2422"]
[WhiteTeam "Bronshoj Skak Forening"]
[BlackTeam "Silla-Integrant Col.lectius"]
[WhiteFideId "1400878"]
[BlackFideId "22245570"]
[EventDate "2025.10.19"]
[EventType "team"]

1. d4 Nf6 2. c4 e6 3. Nf3 b6 4. g3 Bb7 5. Bg2 Be7 6. O-O O-O 7. Nc3 Ne4 8. Qc2
Nxc3 9. Qxc3 f5 10. b4 a5 11. b5 Bf6 12. Ba3 d6 13. Qe3 Qe7 14. Rac1 Nd7 15. c5
bxc5 16. dxc5 Bd5 17. Rfd1 Rfe8 18. Nd4 dxc5 19. Nxf5 Qf7 20. Qd2 Bxg2 21. Qxd7
exf5 22. Kxg2 Qxa2 23. Bxc5 a4 24. Qxc7 Qxe2 25. b6 Qe4+ 26. f3 Qe2+ 27. Bf2 Qa6
28. b7 Rab8 29. Rd7 a3 30. Rc6 Qxb7 31. Qxb7 Rxb7 32. Rxb7 a2 33. Ra7 a1=Q 34.
Rxa1 Bxa1 35. Rc2 Rd8 36. Be3 Bf6 37. g4 Re8 38. Bc1 h6 39. Bb2 Bxb2 40. Rxb2 f4
41. h4 g6 42. Rb4 Rf8 1/2-1/2

[Event "40th ECC Open 2025"]
[Site "Rhodes GRE"]
[Date "2025.10.19"]
[Round "1.88"]
[White "Luque Saiz, Andres"]
[Black "Kryger, Oksana"]
[Result "1-0"]
[WhiteTitle "FM"]
[BlackTitle "WIM"]
[WhiteElo "2343"]
[BlackElo "2075"]
[WhiteTeam "Silla-Integrant Col.lectius"]
[BlackTeam "Bronshoj Skak Forening"]
[WhiteFideId "24510793"]
[BlackFideId "1404695"]
[EventDate "2025.10.19"]
[EventType "team"]

1. e4 e6 2. d4 d5 3. Nd2 c5 4. Ngf3 Nc6 5. exd5 exd5 6. Bb5 Bd6 7. O-O Ne7 8.
dxc5 Bxc5 9. Nb3 Bd6 10. h3 O-O 11. c3 Qc7 12. Re1 Bd7 13. Bd3 h6 14. Nbd4 a6
15. Bc2 Ne5 16. Nxe5 Bxe5 17. Qd3 Ng6 18. Nf3 Bf6 19. Qxd5 Bc6 20. Qh5 Rfe8 21.
Be3 Nf8 22. Rad1 Rad8 23. Rxd8 Rxd8 24. Qg4 Bd7 25. Qf4 Qa5 26. a3 Bc6 27. Qb4
Qxb4 28. axb4 Ne6 29. Rd1 Rxd1+ 30. Bxd1 Kf8 31. Nd2 Ke7 32. Nc4 b5 33. Na5 Bd5
34. Nb3 Kd6 35. f3 Be5 36. Kf2 Bc4 37. Bc2 h5 38. h4 g6 39. g4 Bf6 40. Kg3 Nc7
41. Nd2 Kc6 42. Nxc4 bxc4 43. gxh5 gxh5 44. Bd2 Kb5 45. Bd1 Ne8 46. Bg5 Bg7 47.
Bd2 Nd6 48. Bc2 Bf6 49. f4 a5 50. bxa5 Kxa5 51. f5 Ne8 52. Bg5 Bg7 53. Be7 Be5+
54. Kf3 Nf6 55. Bd1 Kb5 56. Be2 Nd5 57. Bf8 Bf6 58. Ke4 Nb6 59. b3 Bxh4 60.
bxc4+ Kc6 61. Bf3 Nd7 62. Bg7 Bf6 63. Bxf6 Nxf6+ 64. Ke5+ Kc5 65. Kxf6 h4 66.
Kxf7 Kxc4 67. Ke7 Kxc3 68. f6 1-0

[Event "40th ECC Open 2025"]
[Site "Rhodes GRE"]
[Date "2025.10.19"]
[Round "1.89"]
[White "Paaske, Asger"]
[Black "Garcia Molina, Jose"]
[Result "0-1"]
[BlackTitle "FM"]
[WhiteElo "2090"]
[BlackElo "2206"]
[WhiteTeam "Bronshoj Skak Forening"]
[BlackTeam "Silla-Integrant Col.lectius"]
[WhiteFideId "1404750"]
[BlackFideId "32030592"]
[EventDate "2025.10.19"]
[EventType "team"]

1. e4 c5 2. Nf3 Nc6 3. c3 d5 4. exd5 Qxd5 5. d4 Bf5 6. dxc5 Qxd1+ 7. Kxd1 e5 8.
Be3 Nf6 9. Bc4 a5 10. Na3 O-O-O+ 11. Ke2 Ng4 12. Rad1 Rxd1 13. Rxd1 Nxe3 14.
fxe3 Bxc5 15. Nb5 f6 16. Nd6+ Bxd6 17. Rxd6 Kc7 18. Rd2 g5 19. Bb5 Na7 20. Ba4
h5 21. a3 Nc8 22. b4 Nd6 23. Rd5 axb4 24. axb4 Ne4 25. Kf1 Be6 26. Ra5 Kb8 27.
Bc2 Nxc3 28. Rc5 Nd5 29. Kf2 Nxb4 30. Be4 Rc8 0-1

[Event "40th ECC Open 2025"]
[Site "Rhodes GRE"]
[Date "2025.10.19"]
[Round "1.90"]
[White "Garcia Domingo, Jose Antonio"]
[Black "Christensen, Esben"]
[Result "1-0"]
[WhiteTitle "CM"]
[WhiteElo "2149"]
[BlackElo "2040"]
[WhiteTeam "Silla-Integrant Col.lectius"]
[BlackTeam "Bronshoj Skak Forening"]
[WhiteFideId "2221845"]
[BlackFideId "1402307"]
[EventDate "2025.10.19"]
[EventType "team"]

1. e4 c5 2. Ne2 e6 3. d4 cxd4 4. Nxd4 Nf6 5. Bd3 Nc6 6. Nf3 d5 7. exd5 Nxd5 8.
O-O Be7 9. Bd2 h6 10. Nc3 Bf6 11. Nxd5 Qxd5 12. Qc1 b6 13. Re1 Bb7 14. Be4 Qh5
15. c4 O-O 16. Bc3 Bxc3 17. Qxc3 Rac8 18. Rad1 Rc7 19. b3 Rfc8 20. Rd6 Ne7 21.
Bxb7 Rxb7 22. Red1 Rbc7 23. Qd3 Qf5 24. Rd8+ Kh7 25. Qxf5+ exf5 26. Kf1 Rxd8 27.
Rxd8 g6 28. Nd4 Kg7 29. Nb5 Nc6 30. Rd6 Rc8 31. Rd7 a6 32. Rxf7+ Kg8 33. Rc7
Rxc7 34. Nxc7 Nb8 35. Ke2 Kf7 36. Ke3 Ke7 37. Nd5+ 1-0

[Event "40th ECC Open 2025"]
[Site "Rhodes GRE"]
[Date "2025.10.19"]
[Round "1.91"]
[White "Erdos, Viktor"]
[Black "Roberson, Peter T"]
[Result "1-0"]
[WhiteTitle "GM"]
[BlackTitle "IM"]
[WhiteElo "2538"]
[BlackElo "2451"]
[WhiteTeam "MTK Budapest"]
[BlackTeam "Sharks 4NCL"]
[WhiteFideId "719978"]
[BlackFideId "412384"]
[EventDate "2025.10.19"]
[EventType "team"]

1. d4 Nf6 2. c4 e6 3. Nc3 Bb4 4. e3 O-O 5. Bd3 c5 6. Ne2 Nc6 7. O-O d5 8. cxd5
exd5 9. a3 c4 10. Bc2 Ba5 11. f3 Rb8 12. Kh1 Re8 13. h3 b5 14. e4 dxe4 15. fxe4
Bxc3 16. bxc3 Nxe4 17. d5 Na5 18. Bf4 Rb6 19. Bxe4 Rxe4 20. Ng3 Re8 21. Qf3 Nb3
22. Rae1 Rxe1 23. Rxe1 h6 24. d6 Be6 25. Nh5 Nc5 26. Qg3 g5 27. Be5 Nd3 28. Nf6+
Kf8 29. Nh7+ Kg8 30. Nf6+ Kf8 31. Rd1 Bf5 32. h4 Bg6 33. hxg5 h5 34. Rd2 Rc6 35.
Re2 Bf5 36. Bd4 Be6 37. g6 1-0

[Event "40th ECC Open 2025"]
[Site "Rhodes GRE"]
[Date "2025.10.19"]
[Round "1.92"]
[White "Willis, Rupert"]
[Black "Juhasz, Agoston"]
[Result "1/2-1/2"]
[BlackTitle "IM"]
[WhiteElo "2117"]
[BlackElo "2434"]
[WhiteTeam "Sharks 4NCL"]
[BlackTeam "MTK Budapest"]
[WhiteFideId "1506951"]
[BlackFideId "778346"]
[EventDate "2025.10.19"]
[EventType "team"]

1. c4 e5 2. Nc3 Bb4 3. Nd5 a5 4. a3 Bc5 5. Nf3 d6 6. e3 c6 7. d4 Ba7 8. Nc3 Nd7
9. b4 Ngf6 10. Be2 O-O 11. O-O Bb8 12. b5 e4 13. Nd2 d5 14. a4 Re8 15. Qb3 Nf8
16. Ba3 h5 17. Rfe1 h4 18. Rac1 Bf5 19. bxc6 bxc6 20. Qb7 Ra7 21. Qb3 Qc7 22.
Nf1 Rb7 23. Qa2 dxc4 24. Bxc4 N8h7 25. d5 c5 26. Nb5 Qc8 27. Be2 Nd7 28. Red1
Qd8 29. d6 Qg5 30. Bxc5 Bh3 31. g3 Be6 32. Qc2 Nhf6 33. Bd4 Ne5 34. Bxe5 Qxe5
35. Qc6 Rd7 36. Qc3 Qxc3 37. Rxc3 Red8 38. Rc6 Bd5 39. Ra6 Bxd6 40. Nxd6 Rxd6
41. gxh4 Rxa6 42. Bxa6 Kf8 43. Ng3 Ke7 44. Bb5 g6 45. Ne2 Rc8 46. Rd2 Kd6 47.
Nf4 Ke5 48. Ne2 Rc5 49. Rd4 Bc6 50. Bxc6 Rxc6 51. Ng3 Rd6 52. Rc4 Kd5 53. Rd4+
Ke5 54. Rc4 Kd5 55. Rd4+ Kc6 56. Rc4+ Kd5 1/2-1/2

[Event "40th ECC Open 2025"]
[Site "Rhodes GRE"]
[Date "2025.10.19"]
[Round "1.93"]
[White "Pribelszky, Bence"]
[Black "McCarthy, Kevin C"]
[Result "1-0"]
[WhiteTitle "IM"]
[WhiteElo "2403"]
[BlackElo "1942"]
[WhiteTeam "MTK Budapest"]
[BlackTeam "Sharks 4NCL"]
[WhiteFideId "769738"]
[BlackFideId "470775"]
[EventDate "2025.10.19"]
[EventType "team"]

1. e4 e6 2. d4 d5 3. Nd2 Nf6 4. e5 Nfd7 5. Bd3 c5 6. c3 Nc6 7. Ne2 Qb6 8. Nf3 h6
9. h4 Be7 10. Rh3 cxd4 11. cxd4 g6 12. a3 a5 13. Rb1 Nf8 14. Be3 Bd7 15. Qd2 h5
16. Nc3 a4 17. Qd1 Nb8 18. Bc2 Qa7 19. Kf1 b5 20. Kg1 Na6 21. Qd3 Rb8 22. Rc1 b4
23. Nxa4 Bb5 24. Qd1 bxa3 25. bxa3 Bxa3 26. Ra1 Be7 27. Nc3 Bd7 28. Bd3 Qc7 29.
Rc1 Qa7 30. Ng5 Bxg5 31. Bxg5 Nh7 32. Be3 Nb4 33. Bb1 Nc6 34. Ne2 Qa6 35. Nf4
Nf8 36. Nd3 Qa7 37. Nc5 Nb4 38. Bd2 Nc6 39. Be1 Rc8 40. Rhc3 Qa8 41. Bd3 Na7 42.
Ra3 Bc6 43. Rca1 1-0

[Event "40th ECC Open 2025"]
[Site "Rhodes GRE"]
[Date "2025.10.19"]
[Round "1.94"]
[White "Varnam, Liam D"]
[Black "Papp, Levente"]
[Result "1-0"]
[BlackTitle "FM"]
[WhiteElo "2097"]
[BlackElo "2360"]
[WhiteTeam "Sharks 4NCL"]
[BlackTeam "MTK Budapest"]
[WhiteFideId "410950"]
[BlackFideId "751243"]
[EventDate "2025.10.19"]
[EventType "team"]

1. e4 e6 2. d4 d5 3. Nc3 Bb4 4. exd5 exd5 5. Bd3 Nf6 6. Ne2 O-O 7. O-O c6 8. a3
Bd6 9. Bf4 Re8 10. Qd2 Bg4 11. Rae1 Bxe2 12. Rxe2 Bxf4 13. Qxf4 Nbd7 14. Rfe1
Rxe2 15. Rxe2 Nf8 16. Bf5 Qb6 17. Nd1 Re8 18. Rxe8 Nxe8 19. Qe5 Qd8 20. c3 Nd6
21. Bd3 b5 22. b3 f6 23. Qe2 Qa5 24. Qa2 Ne6 25. b4 Qa4 26. Nb2 Qa6 27. a4 Nf4
28. Bf1 Ne4 29. c4 bxc4 30. Nxc4 Qb7 31. g3 dxc4 32. gxf4 Qxb4 33. Bxc4+ Kf8 34.
Bg8 Nd6 35. Bxh7 Qxd4 36. Qg8+ Ke7 37. Qxg7+ Kd8 38. a5 Ne8 39. Qb7 Qd1+ 40. Kg2
Qd5+ 41. Kg3 Qxa5 42. Qxc6 Ke7 43. Bg6 Nd6 44. h4 f5 45. h5 Qa1 46. Kg2 Qd1 47.
Bxf5 Qd4 48. Qd7+ Kf8 49. Qd8+ Kf7 50. Bg6+ Ke6 51. Qg5 a5 52. h6 Nc4 53. h7 Kd7
54. Bf5+ Kc7 55. Qg8 Ne3+ 56. fxe3 Qd2+ 57. Kh3 Qxe3+ 58. Qg3 Qd4 59. Bg6 a4 60.
Qh4 Qe3+ 61. Kg4 Qe2+ 62. Kg5 Qg2+ 63. Kh6 Qb2 64. Qe7+ Kb6 1-0

[Event "40th ECC Open 2025"]
[Site "Rhodes GRE"]
[Date "2025.10.19"]
[Round "1.95"]
[White "Juhasz, Armin"]
[Black "Murphy, Hugh W"]
[Result "1-0"]
[WhiteTitle "IM"]
[WhiteElo "2375"]
[BlackElo "2008"]
[WhiteTeam "MTK Budapest"]
[BlackTeam "Sharks 4NCL"]
[WhiteFideId "724270"]
[BlackFideId "422444"]
[EventDate "2025.10.19"]
[EventType "team"]

1. Nf3 Nf6 2. g3 d5 3. Bg2 c6 4. O-O Bg4 5. d4 e6 6. Nbd2 Nbd7 7. Re1 Be7 8. e4
O-O 9. c3 Bh5 10. e5 Ne8 11. Nb3 a5 12. Be3 a4 13. Nc1 c5 14. Nd3 Bg6 15. Nxc5
Nxc5 16. dxc5 Qc7 17. c4 dxc4 18. Rc1 a3 19. b4 cxb3 20. Qxb3 Be4 21. Red1 Qc8
22. Bg5 Bxg5 23. Nxg5 Bxg2 24. Kxg2 h6 25. Ne4 Qc6 26. f3 f6 27. Nd6 fxe5 28.
Qxb7 Ra6 29. Qb3 Kh8 30. Ne4 Qc7 31. Rd3 Nf6 32. Nxf6 gxf6 33. Qb5 Ra5 34. Qc4
Rd8 35. Rxd8+ Qxd8 36. c6 Qd2+ 37. Kh1 Qe3 38. c7 Qxf3+ 39. Kg1 Qe3+ 40. Kg2 1-0

[Event "40th ECC Open 2025"]
[Site "Rhodes GRE"]
[Date "2025.10.19"]
[Round "1.96"]
[White "Lentzos, Ioanis"]
[Black "Matyassy, Lazar"]
[Result "0-1"]
[BlackTitle "FM"]
[WhiteElo "2134"]
[BlackElo "2313"]
[WhiteTeam "Sharks 4NCL"]
[BlackTeam "MTK Budapest"]
[WhiteFideId "4255470"]
[BlackFideId "17005167"]
[EventDate "2025.10.19"]
[EventType "team"]

1. d4 Nf6 2. c4 e6 3. g3 d5 4. Bg2 Bb4+ 5. Nd2 O-O 6. Nf3 b6 7. O-O Bb7 8. a3
Bd6 9. b4 a5 10. c5 Be7 11. Bb2 Ba6 12. Ne5 Nfd7 13. Ndf3 Nxe5 14. Nxe5 Bf6 15.
Qd2 Bxe5 16. dxe5 bxc5 17. bxc5 Nc6 18. f4 Qe7 19. Rac1 Bc4 20. g4 Qxc5+ 21. Kh1
Qb5 22. f5 Ne7 23. Ba1 Bxe2 24. Rfe1 Bxg4 25. Qg5 Bxf5 26. Qxe7 c6 27. Bd4 Qa4
28. Bc5 Rfe8 29. Qg5 Rab8 30. Rc3 Rb3 31. Rxb3 Qxb3 32. Qe3 Qxe3 33. Bxe3 Rb8
34. Rc1 h6 35. Rxc6 Rb3 36. Bc1 d4 37. Kg1 Rb5 38. Kf2 Rxe5 39. Bb2 Re3 40. Rc5
Bh3 41. Bxh3 Rxh3 42. Ke1 d3 43. Rxa5 Rxh2 44. Rb5 h5 45. Bc3 Re2+ 46. Kd1 Ra2
47. Rxh5 Rxa3 48. Kd2 f6 49. Rc5 Kf7 50. Kxd3 g5 51. Ke4 Ra4+ 52. Kf3 Kg6 53.
Rc6 Kf5 54. Rc5+ e5 55. Kg3 Rg4+ 56. Kf3 Rf4+ 57. Kg3 g4 58. Ba5 Rf3+ 59. Kg2
Rd3 60. Bc7 Rd2+ 61. Kg3 Rd3+ 62. Kg2 Ra3 63. Rc6 Ra8 64. Kg3 Rc8 65. Rc4 Ke6
66. Rc6+ Kd5 67. Rc1 f5 68. Rd1+ Ke6 69. Ba5 Rh8 70. Rb1 Rh3+ 71. Kg2 f4 72.
Rb6+ Kf5 73. Rc6 Ra3 74. Bc7 g3 75. Bb8 Ra2+ 76. Kg1 f3 77. Rc1 Rg2+ 0-1

[Event "40th ECC Open 2025"]
[Site "Rhodes GRE"]
[Date "2025.10.19"]
[Round "1.97"]
[White "Schreiner, Peter"]
[Black "Blomqvist, Erik"]
[Result "0-1"]
[WhiteTitle "IM"]
[BlackTitle "GM"]
[WhiteElo "2438"]
[BlackElo "2478"]
[WhiteTeam "Malerei 2000 Rapid Feffernitz"]
[BlackTeam "SK Rockaden #1 (SWE)"]
[WhiteFideId "1621645"]
[BlackFideId "1709437"]
[EventDate "2025.10.19"]
[EventType "team"]

1. Nf3 d5 2. g3 Nd7 3. d4 Ngf6 4. Bg2 e6 5. O-O Bd6 6. c4 c6 7. Nbd2 O-O 8. Qc2
Re8 9. b3 e5 10. dxe5 Nxe5 11. Bb2 Nxf3+ 12. Nxf3 dxc4 13. Qxc4 Qe7 14. Rad1 Bc7
15. e3 Bf5 16. Nh4 Bc8 17. Nf3 a5 18. a3 Be6 19. Qc2 Bg4 20. h3 Bh5 21. Qc3 Qf8
22. Qc2 Qe7 23. Qc3 h6 24. Rc1 Qf8 25. Qc2 Bg6 26. Qc4 Ne4 27. Rfd1 Rad8 28.
Rxd8 Rxd8 29. Nh4 Nd2 30. Qg4 Bd3 31. b4 f5 32. Qg6 Qf7 33. Bd4 Nb3 34. Rd1 Bc2
35. Re1 axb4 36. axb4 Nxd4 37. exd4 Bd6 38. Rc1 Qxg6 39. Nxg6 Be4 40. Bxe4 fxe4
41. Rb1 Kf7 42. Nh4 Be7 43. Nf5 Rd5 44. g4 g6 45. Ng3 Rxd4 46. b5 c5 47. Re1 Rb4
48. Nxe4 Rxb5 49. Rc1 b6 50. Nc3 Rb3 51. Nd5 Bd6 52. Rd1 b5 53. Nb6 Be5 54. Rd7+
Ke6 55. Rh7 Rd3 56. Rxh6 Kf7 57. Rh7+ Bg7 58. g5 Rd4 0-1

[Event "40th ECC Open 2025"]
[Site "Rhodes GRE"]
[Date "2025.10.19"]
[Round "1.98"]
[White "Trost, Edvin"]
[Black "Diermair, Andreas"]
[Result "1/2-1/2"]
[WhiteTitle "IM"]
[BlackTitle "GM"]
[WhiteElo "2457"]
[BlackElo "2438"]
[WhiteTeam "SK Rockaden #1 (SWE)"]
[BlackTeam "Malerei 2000 Rapid Feffernitz"]
[WhiteFideId "1729519"]
[BlackFideId "1612468"]
[EventDate "2025.10.19"]
[EventType "team"]

1. e4 e5 2. Nf3 Nc6 3. Nc3 Nf6 4. Bb5 Bd6 5. d3 a6 6. Ba4 h6 7. O-O O-O 8. h3
Re8 9. a3 b5 10. Bb3 Bc5 11. Nd5 Rb8 12. Be3 d6 13. c3 Nxd5 14. Bxd5 Ne7 15. Ba2
Ng6 16. a4 b4 17. Bc4 a5 18. Re1 Bxe3 19. Rxe3 c6 20. d4 bxc3 21. bxc3 exd4 22.
Nxd4 Ne5 23. Ba2 Qf6 24. Rb1 Bd7 25. Nf3 Rxb1 26. Qxb1 Be6 27. Nxe5 Bxa2 28.
Qxa2 Qxe5 29. Qc4 Rb8 30. g3 Qe6 31. Qxc6 Qxh3 32. Re1 Qe6 33. Qc7 Rc8 34. Qxa5
Rc5 35. Qa8+ Rc8 36. Qd5 1/2-1/2

[Event "40th ECC Open 2025"]
[Site "Rhodes GRE"]
[Date "2025.10.19"]
[Round "1.99"]
[White "Tscharnuter, Noah"]
[Black "Sorensen, Hampus"]
[Result "0-1"]
[WhiteTitle "CM"]
[BlackTitle "IM"]
[WhiteElo "2058"]
[BlackElo "2440"]
[WhiteTeam "Malerei 2000 Rapid Feffernitz"]
[BlackTeam "SK Rockaden #1 (SWE)"]
[WhiteFideId "1636235"]
[BlackFideId "8703884"]
[EventDate "2025.10.19"]
[EventType "team"]

1. e4 e5 2. Nf3 Nc6 3. d4 exd4 4. Bc4 Nf6 5. e5 d5 6. Bb5 Nd7 7. Bxc6 bxc6 8.
O-O Be7 9. Nxd4 Nb8 10. c4 O-O 11. Qf3 Re8 12. Nc3 Ba6 13. b3 Bf8 14. Re1 dxc4
15. Nf5 Nd7 16. Qg3 Qf6 17. Nh6+ Kh8 18. Bf4 Qe6 19. Ng4 Nc5 20. Ne4 Nxe4 21.
Rxe4 f5 22. exf6 Qxe4 23. Ne5 Qd5 24. Bh6 gxf6 25. bxc4 Qxe5 0-1

[Event "40th ECC Open 2025"]
[Site "Rhodes GRE"]
[Date "2025.10.19"]
[Round "1.100"]
[White "Barkhagen, Jonas"]
[Black "Knaller, Christoph"]
[Result "1-0"]
[WhiteTitle "IM"]
[WhiteElo "2408"]
[BlackElo "1997"]
[WhiteTeam "SK Rockaden #1 (SWE)"]
[BlackTeam "Malerei 2000 Rapid Feffernitz"]
[WhiteFideId "1700855"]
[BlackFideId "1622307"]
[EventDate "2025.10.19"]
[EventType "team"]

1. d4 Nf6 2. c4 e6 3. Nc3 d5 4. cxd5 exd5 5. Bg5 c6 6. e3 Be7 7. Qc2 O-O 8. Bd3
h6 9. Bh4 Nh5 10. Bg3 Nxg3 11. hxg3 a5 12. Nf3 Na6 13. a3 b5 14. Ne5 Bb7 15. Qe2
Qd6 16. Qh5 Bc8 17. g4 b4 18. Ne2 bxa3 19. bxa3 Rb8 20. f4 Rb3 21. g5 f5 22.
gxh6 Qxh6 23. Qxh6 gxh6 24. Rxh6 Bxa3 25. Rg6+ Kh7 26. Kf2 1-0

[Event "40th ECC Open 2025"]
[Site "Rhodes GRE"]
[Date "2025.10.19"]
[Round "1.101"]
[White "Tscharnuter, Hannes"]
[Black "Kenneskog, Theodor"]
[Result "0-1"]
[BlackTitle "FM"]
[WhiteElo "1990"]
[BlackElo "2338"]
[WhiteTeam "Malerei 2000 Rapid Feffernitz"]
[BlackTeam "SK Rockaden #1 (SWE)"]
[WhiteFideId "1614525"]
[BlackFideId "1715011"]
[EventDate "2025.10.19"]
[EventType "team"]

1. e4 c5 2. c3 Nf6 3. e5 Nd5 4. d4 cxd4 5. cxd4 d6 6. Bc4 Nb6 7. Bb3 dxe5 8. Qh5
e6 9. dxe5 Nc6 10. Nf3 Qd3 11. Nc3 Bd7 12. Qg4 Qg6 13. Qxg6 hxg6 14. a3 Na5 15.
Bc2 Bc6 16. Ne4 Rc8 17. Nfd2 Bd5 18. Bd3 Nc6 19. f4 Nd4 20. Kf2 Nc2 21. Bxc2
Rxc2 22. Nc3 Nc4 23. Nxd5 exd5 24. Ke2 Nxd2 25. Bxd2 Rxb2 26. h3 Kd7 27. Rhb1
Rxb1 28. Rxb1 Kc6 29. Rc1+ Bc5 30. a4 d4 31. Kd3 Kd5 32. Rb1 Rb8 33. Rf1 b6 34.
f5 gxf5 35. Rxf5 Rb7 36. h4 g6 37. Rg5 Rd7 38. Bf4 Ke6 39. Ke4 d3 40. Bd2 Rd4+
41. Ke3 Rxh4+ 42. Kxd3 Rxa4 43. Bc3 Rf4 44. Rg3 Kd5 45. Rh3 Rg4 46. Rh7 Rg3+ 0-1

[Event "40th ECC Open 2025"]
[Site "Rhodes GRE"]
[Date "2025.10.19"]
[Round "1.102"]
[White "Bator, Robert"]
[Black "Loescher, Leon"]
[Result "1-0"]
[WhiteTitle "IM"]
[WhiteElo "2299"]
[BlackElo "1991"]
[WhiteTeam "SK Rockaden #1 (SWE)"]
[BlackTeam "Malerei 2000 Rapid Feffernitz"]
[WhiteFideId "1700405"]
[BlackFideId "1623915"]
[EventDate "2025.10.19"]
[EventType "team"]

1. e4 e5 2. Nf3 Nc6 3. Bc4 Bc5 4. c3 Nf6 5. d4 exd4 6. e5 d5 7. Bb5 Ne4 8. cxd4
Bb4+ 9. Nbd2 O-O 10. O-O Bg4 11. Bxc6 bxc6 12. Qa4 Nxd2 13. Bxd2 Bxd2 14. Nxd2
c5 15. dxc5 Bf5 16. Nb3 Bc2 17. Rac1 Bxb3 18. Qxb3 c6 19. Qa4 Qc7 20. Rfe1 Rfe8
21. Qd4 Qa5 22. a3 Rab8 23. Re3 Qd8 24. Rg3 Re6 25. f4 f6 26. Re1 Qe7 27. Rge3
fxe5 28. Rxe5 Qf6 29. b4 Rxe5 30. Rxe5 Kf7 31. h3 Re8 32. b5 Rxe5 33. fxe5 Qe6
34. b6 axb6 35. cxb6 Qc8 36. Qc5 1-0

[Event "40th ECC Open 2025"]
[Site "Rhodes GRE"]
[Date "2025.10.19"]
[Round "1.103"]
[White "Bellahcene, Bilel"]
[Black "Tsaknakis, Zisis"]
[Result "1/2-1/2"]
[WhiteTitle "GM"]
[BlackTitle "FM"]
[WhiteElo "2485"]
[BlackElo "2288"]
[WhiteTeam "CE Nyon"]
[BlackTeam "Lefkos Pyrgos"]
[WhiteFideId "696358"]
[BlackFideId "4259963"]
[EventDate "2025.10.19"]
[EventType "team"]

1. d4 d5 2. c4 e6 3. Nf3 Nf6 4. g3 Be7 5. Bg2 O-O 6. O-O dxc4 7. Ne5 Nd5 8. Nxc4
b5 9. Ncd2 Bb7 10. Nb3 a5 11. Nc5 Bxc5 12. dxc5 Nd7 13. e4 Nb4 14. Be3 Qe7 15.
Qe2 Nxc5 16. Qxb5 Ncd3 17. Nc3 Ba6 18. Qh5 Nc2 19. Rab1 Nxe3 20. fxe3 g6 21. Qh6
Rab8 22. b3 Qc5 23. Ne2 e5 24. g4 Rb6 25. Rf3 g5 26. Qh5 Rg6 27. Bf1 Qc2 28. Ra1
Qb2 29. Rd1 Qc2 30. Ra1 Qb2 31. Rd1 Qc2 1/2-1/2

[Event "40th ECC Open 2025"]
[Site "Rhodes GRE"]
[Date "2025.10.19"]
[Round "1.104"]
[White "Tsarsitalidis, Konstantinos"]
[Black "Charnushevich, Aliaksei"]
[Result "1/2-1/2"]
[BlackTitle "GM"]
[WhiteElo "2206"]
[BlackElo "2496"]
[WhiteTeam "Lefkos Pyrgos"]
[BlackTeam "CE Nyon"]
[WhiteFideId "4298748"]
[BlackFideId "13500767"]
[EventDate "2025.10.19"]
[EventType "team"]

1. e4 d6 2. d4 g6 3. Nf3 Bg7 4. Bc4 c6 5. O-O d5 6. exd5 cxd5 7. Bd3 Nf6 8. Re1
Nc6 9. c3 O-O 10. h3 Bf5 11. Bxf5 gxf5 12. Ne5 Ne4 13. Nxc6 bxc6 14. f3 Nd6 15.
Bg5 f6 16. Bh4 Qd7 17. Nd2 e5 18. Nb3 f4 19. Nc5 Qf7 20. Bf2 Rfe8 21. Nd3 Nf5
22. Qc2 Qg6 23. Re2 Re7 24. Rae1 Rae8 25. Kh1 Qg5 26. Nb4 Bf8 27. dxe5 Rg7 28.
Rg1 fxe5 29. Nxc6 Qg6 30. c4 d4 31. Qe4 Ne3 32. Bxe3 Qxe4 33. fxe4 fxe3 34. b4
Rc7 35. b5 Re6 36. Rd1 Rexc6 37. bxc6 Rxc6 38. Rc2 Bb4 39. g3 Bd2 40. Kg2 e2 41.
Rcxd2 exd1=Q 42. Rxd1 Rxc4 43. Kf3 h5 44. Rd3 a5 45. g4 h4 46. g5 Rc3 47. Rxc3
dxc3 48. Ke3 Kg7 49. Kd3 Kg6 50. Kxc3 Kxg5 51. Kc4 Kf4 52. Kd5 Kg3 53. Kxe5 Kxh3
54. Kd6 Kg4 55. e5 h3 56. e6 h2 57. e7 h1=Q 58. e8=Q Qh2+ 59. Kc5 Qxa2 60. Qe4+
Kg3 61. Kb5 a4 62. Qxa4 Qxa4+ 63. Kxa4 1/2-1/2

[Event "40th ECC Open 2025"]
[Site "Rhodes GRE"]
[Date "2025.10.19"]
[Round "1.105"]
[White "Willems, Niels"]
[Black "Tsarsitalidis, Christos"]
[Result "1/2-1/2"]
[WhiteTitle "FM"]
[WhiteElo "2373"]
[BlackElo "2173"]
[WhiteTeam "CE Nyon"]
[BlackTeam "Lefkos Pyrgos"]
[WhiteFideId "20695586"]
[BlackFideId "25831488"]
[EventDate "2025.10.19"]
[EventType "team"]

1. c4 e6 2. Nc3 d5 3. e3 Nf6 4. Nf3 Bd6 5. b3 O-O 6. Bb2 Re8 7. Nb5 Be7 8. Be5
Na6 9. Be2 Ne4 10. Qc2 c6 11. Nc3 f6 12. Bg3 Nb4 13. Qb1 e5 14. cxd5 Nxc3 15.
dxc3 Nxd5 16. Bd3 h6 17. O-O Be6 18. c4 Nc3 19. Qc2 e4 20. Bxe4 Nxe4 21. Qxe4
Bc5 22. Rfd1 Qc8 23. Qf4 a5 24. a4 Bf5 25. Ra2 Re7 26. h4 g5 27. Rd8+ Qxd8 28.
Qxf5 Bb4 29. Qxf6 Qf8 30. Be5 Qxf6 31. Bxf6 Re6 32. hxg5 hxg5 33. Bxg5 Rd6 34.
Ra1 Bc3 35. Rb1 b5 36. Kf1 Rd7 37. Rc1 Bb2 38. Rc2 Bg7 39. cxb5 cxb5 40. Rc5
bxa4 41. bxa4 Rd1+ 42. Ke2 Ra1 43. Rc4 Ra2+ 44. Nd2 Rb8 45. Kd3 Ra3+ 46. Ke2 Rb2
47. Bd8 Bc3 48. Rxc3 Rxc3 49. Bf6 Rbc2 50. Bxc3 Rxc3 51. Ne4 Rc4 52. Kd3 Rxa4
53. f3 Rb4 54. Kc3 Rb5 55. Kc4 Rb2 56. Nc3 Rxg2 57. Kb5 Rd2 58. Kxa5 Rd3 59. Kb4
Rxe3 60. f4 Rf3 61. Nd5 Kf7 62. Kc4 Ke6 63. Kd4 Kf5 64. Ne3+ Kxf4 65. Nd5+ Kf5
66. Ne3+ Ke6 67. Ke4 Rf8 68. Nd5 Kd6 69. Ne3 Re8+ 70. Kd4 Ke6 71. Ke4 Ra8 72.
Kd4 Rh8 73. Nc4 Rh5 74. Ne3 Rh4+ 75. Kc5 Ke5 76. Nc4+ Ke4 77. Nd6+ Kd3 78. Kd5
Rh5+ 79. Ke6 Ra5 80. Nf5 Ke4 81. Nd6+ Kf4 82. Nc4 Rc5 83. Nd6 Re5+ 84. Kf6 Re1
85. Nf7 Re2 86. Nd6 Rd2 87. Ke6 Rd1 88. Nc4 Rh1 89. Kd5 Rh5+ 90. Kd4 Rh8 91. Kd5
Re8 92. Nd6 Re1 93. Nc4 Re2 94. Kd4 Re4+ 95. Kd5 Re1 96. Nd6 Rd1+ 97. Kc5 Ke5
98. Nc4+ Ke6 99. Ne3 Rd2 100. Nc4 Rd5+ 101. Kb4 Rg5 102. Kc3 Kd5 103. Ne3+ Ke4
104. Nc4 Rg3+ 105. Kb4 Kd5 106. Nb6+ Kd4 107. Kb5 Rc3 108. Kb4 Rc5 109. Na4 Rh5
110. Nc3 Rg5 111. Nb5+ Kd3 112. Nd6 Rg6 113. Kc5 Rxd6 114. Kxd6 1/2-1/2